|
|
|
|
| LEADER |
00000nas a2200000 a 4500 |
| 001 |
ssj0000396358 |
| 003 |
WaSeSS |
| 005 |
20200512172242.0 |
| 006 |
m d |
| 007 |
cr n |
| 008 |
851011c19679999sp x s b f0 b0spa c |
| 010 |
|
|
|a 85644601
|
| 035 |
|
|
|a (WaSeSS)ssj0000396358
|
| 040 |
|
|
|a GZM
|b eng
|c GZM
|d DLC
|d NST
|d HUL
|d NST
|d EYM
|d HUL
|d OCL
|d DLC
|d OCLCQ
|d OCLCF
|d OCLCO
|d OCLCA
|d OCLCQ
|d WaSeSS
|
| 042 |
|
|
|a pcc
|
| 043 |
|
|
|a e-sp---
|
| 050 |
0 |
0 |
|a Z2707.A67
|b R46
|a DP44
|
| 245 |
0 |
0 |
|a Repertorio de arqueología española
|h [electronic resource] :
|b RAE.
|
| 246 |
3 |
0 |
|a RAE
|
| 260 |
|
|
|a [Madrid] :
|b Dirección General de Bellas Artes y Archivos, Subdirección General de Arqueología y Etnografía,
|c [1970?-
|
| 310 |
|
|
|a Irregular
|
| 362 |
0 |
|
|a 1970-
|
| 506 |
|
|
|a License restrictions may limit access.
|
| 515 |
|
|
|a Vol. with coverge dates 1966/1967 issued retrospectively in 1991.
|
| 550 |
|
|
|a Volume for 1966/1967 issued by: Dirección General de Bellas Artes y Archivos, Instituto de Conservación y Restauración de Bienes Culturales.
|
| 650 |
|
0 |
|a Prehistoric peoples
|z Spain
|v Bibliography.
|
| 650 |
|
0 |
|a Antiquities, Prehistoric
|z Spain
|v Bibliography.
|
| 650 |
|
7 |
|a Antiquities.
|2 fast
|0 (OCoLC)fst00810745
|
| 650 |
|
7 |
|a Antiquities, Prehistoric.
|2 fast
|0 (OCoLC)fst00810762
|
| 650 |
|
7 |
|a Prehistoric peoples.
|2 fast
|0 (OCoLC)fst01075242
|
| 651 |
|
0 |
|a Spain
|x Antiquities
|v Bibliography.
|
| 651 |
|
7 |
|a Spain.
|2 fast
|0 (OCoLC)fst01204303
|
| 655 |
|
0 |
|a Electronic journals.
|
| 710 |
1 |
|
|a Spain.
|b Subdirección General de Arqueología y Etnografía.
|
| 710 |
2 |
|
|a Instituto de Conservación y Restauración de Bienes Culturales (Spain)
|
| 850 |
|
|
|a CU
|a DLC
|a MH-P
|a MiU
|a NN
|a PU
|
| 856 |
4 |
0 |
|z Full text available from PRISMA Database with HAPI Index: 01/01/2010 to 03/31/2017
|u https://search.proquest.com/publication/19003
|